| 000 | 01503cam a2200397 a 4500 | ||
|---|---|---|---|
| 003 | CHAP | ||
| 005 | 20220329142334.0 | ||
| 008 | 000815d1999 fr r 10100 spa d | ||
| 010 | _a81980 | ||
| 011 | _a82952 | ||
| 020 | _a2910810984 | ||
| 035 | _a93460 | ||
| 040 | _cCHAP | ||
| 082 | 0 | 4 |
_a631.584 _bT3 |
| 111 | 0 | 0 |
_aTaller Internacional Realizado en la EARTH, Producción de Banano Orgánico y, o, Ambientalmente Amigable _d(1998 : _cCosta Rica) _9111456 |
| 245 | 1 | 0 |
_aMemorias _c/ed. por F.E. Rosales, S.C. Tripon y J. Cerna |
| 260 |
_aMontpellier, Francia : _bRed Internacional para el Mejoramiento del Banano y Plátano, _c1999. |
||
| 300 | _a265 p. | ||
| 590 |
_aBATCH-UPD _b10 _c20130110 _lUCH01 _h0257 |
||
| 590 |
_aBATCH-UPD _b10 _c20130110 _lUCH01 _h1202 |
||
| 590 |
_aBATCH-UPD _b10 _c20130409 _lUCH01 _h2328 |
||
| 590 |
_aBATCH-UPD _b10 _c20130410 _lUCH01 _h1359 |
||
| 590 |
_aBATCH-UPD _b10 _c20130913 _lUCH01 _h2159 |
||
| 590 |
_aCONVERSION _b10 _c20130109 _lUCH01 _h1345 |
||
| 650 | 1 | 4 |
_aAgricultura orgánica _xCongresos. _92007 |
| 650 | 1 | 4 |
_aFertilizantes _xEfecto en plátano. _940545 |
| 650 | 1 | 4 |
_aPlátano _xRendimiento. _989265 |
| 700 | 0 |
_aCerna, J. _eed. _921515 |
|
| 700 | 0 |
_aRosales, F. E. _eed. _999948 |
|
| 700 | 0 |
_aTripon, S. C. _eed. _9115175 |
|
| 901 | _aBK | ||
| 905 | _aLilia Sánchez G. | ||
| 942 | _cLIBRO | ||
| 949 |
_a631.584 T3 _bBC _cLIBRO _d33724000785507 _eLIBRO _h98480 _i93460 _si |
||
| 949 |
_a631.584 T3 _bBC _cLIBRO _d33724000836128 _eLIBRO _fc.2 _gDonaciØn _h101925 _i93460 _si |
||
| 999 |
_c81980 _d81980 |
||